| 000 | 00850nam a22001695i 4500 | ||
|---|---|---|---|
| 001 | 171313 | ||
| 003 | ES-MaACL | ||
| 005 | 20250616063045.0 | ||
| 008 | 090508s1856 sp |||| | spa d | ||
| 100 | 0 |
_aFrontaura, Carlos, _d1834-1910 _952739 |
|
| 245 | 1 | 3 |
_aEl novio... de China _b: juguete cómico en un acto y en verso original / _cde Carlos Frontaura. |
| 260 |
_aMadrid : _b[Manuel Pedro Delgado], _c1856 ( _fImp. de Cipriano López) |
||
| 300 |
_a35 p. ; _c18 cm. |
||
| 500 | _aEn port.: Representado con aplauso en el teatro de Tirso de Molina la noche del 18 de octubre de 1856. | ||
| 852 |
_aES-MaACL _jF-8600(7) _z.- Enc. pasta española _q- Falto de la cub. original _z- Enc. en un vol. facticio formando parte de la col. facticia "Teatro español moderno", vol. 53 _z.- Firma ms. de Gustavo Saenz Diez |
||
| 999 |
_c171313 _d171313 |
||